000
00324nam a22001457a 4500
008
210519b ||||| |||| 00| 0 eng d
020
_a
9780393979206
041
_a
eng
080
_2
5th
_a
82
082
_a
82
100
_a
21
101
_a
GJL
245
_a
The Norton Anthology of Poetry
_c
Ferguson,M
942
_2
udc
_c
BK
999
_c
57460
_d
57460